Genes y ambiente /
Guardado en:
| Autor Principal: | |
|---|---|
| Otros Autores: | |
| Formato: | Libro |
| Publicado: |
Buenos Aires :
Novedades Educativas,
1999
|
| Materias: | |
| Etiquetas: |
Agregar Etiqueta
Sin Etiquetas, Sea el primero en etiquetar este registro!
|
| LEADER | 01056nam a22002175a 4500 | ||
|---|---|---|---|
| 001 | CEM.cems010497 | ||
| 005 | 20080513123843.0 | ||
| 008 | 130507s1999##################000#0#####d | ||
| 003 | CEMS | ||
| 020 | |a 9879191625 | ||
| 082 | 0 | 4 | |a 575.1 |
| 100 | 1 | |a Goldstein, Beatriz | |
| 245 | 1 | 0 | |a Genes y ambiente / |c Beatriz Goldstein y Claudio Glejzer |
| 260 | |a Buenos Aires : |b Novedades Educativas, |c 1999 | ||
| 300 | |a 61 p. | ||
| 505 | 0 | |a Biodiversidad: semejantes y diferentes -- Los grupos sanguíneos: un ejemplo de diversidad en la especie humana -- Relacionando cromosomas, genes y alelos -- Qué mecanismos aseguran la transmisión del patrimonio genético de padres a descendientes -- De cómo se diferencian las células -- Se pueden mapear los cromosomas de un individuo -- Enfermedades genéticas -- Genes, organismos y ambientes -- Genética y derechos humanos -- Existen las razas humanas | |
| 653 | |a Genes | ||
| 653 | |a Genética | ||
| 700 | 1 | |a Glejzer, Claudio | |
| 859 | |a CEMS |b BIB. CEMS - 11 de abril |h 575.1 |i G572 |p 20598.99 |t Ej.1 | ||
| 859 | |a CEMS |b BIB. CEMS | ||
